[Event "Quebec op"]
[Site "Montreal"]
[Date "1998.08.01"]
[Round "8"]
[White "Hasanov, Marat"]
[Black "Nataf, Igor Alexandre"]
[Result "1/2-1/2"]
[WhiteElo "2265"]
[BlackElo "2485"]
[PlyCount "54"]
[EventDate "1998.07.25"]
[EventType "swiss"]
[EventRounds "9"]
[EventCountry "CAN"]
[SourceTitle "EXT 1999"]
[Source "ChessBase"]
[SourceDate "1998.11.16"]
[SourceVersion "1"]
[SourceVersionDate "1998.11.16"]
[SourceQuality "1"]

1. c4 Nf6 2. Nc3 g6 3. g3 Bg7 4. Bg2 0-0 5. e4 e5 6. Nge2 d6 7. 0-0 c6 8. b3 a6 9. Ba3 b5 10. Rc1 c5 11. Nd5 Nxd5 12. cxd5 a5 13. Bb2 a4 14. f4 Nd7 15. Kh1 Qc7 16. d3 Nf6 17. fxe5 dxe5 18. Qc2 Bg4 19. Ng1 Rfc8 20. a3 Bh6 21. Rce1 Ne8 22. Bh3 Bxh3 23. Nxh3 Nf6 24. Nf2 Ne8 25. Ng4 Bg7 26. Qe2 Ra6 27. Ne3 Nd6 1/2-1/2

[Event "Toronto op"]
[Site "Toronto"]
[Date "1998.05.17"]
[Round "7"]
[White "Hasanov, Marat"]
[Black "Stripunsky, Alexander"]
[Result "0-1"]
[WhiteElo "2265"]
[BlackElo "2475"]
[PlyCount "80"]
[EventDate "1998.05.14"]
[EventType "swiss"]
[EventRounds "9"]
[EventCountry "CAN"]
[SourceTitle "CBM 065 Extra"]
[Source "ChessBase"]
[SourceDate "1998.09.09"]
[SourceVersion "1"]
[SourceVersionDate "1998.09.09"]
[SourceQuality "1"]

1. Nf3 d5 2. g3 c6 3. b3 Bg4 4. Bg2 Nd7 5. Bb2 e6 6. 0-0 h5 7. h4 Bxf3 8. exf3 Ngf6 9. d3 g6 10. c4 Bg7 11. cxd5 cxd5 12. Nd2 0-0 13. f4 Qb6 14. Nf3 Rfc8 15. Qd2 a5 16. Bd4 Qb4 17. Qb2 Ne8 18. Ne5 Nxe5 19. fxe5 a4 20. Rac1 axb3 21. axb3 Bf8 22. Rfd1 Ng7 23. Bh3 Qb5 24. Rxc8 Rxc8 25. Kf1 Rc6 26. Ke2 Bc5 27. Bxc5 Rxc5 28. Rc1 Rxc1 29. Qxc1 Qxb3 30. Qc8+ Kh7 31. Qc7 b5 32. Ke3 d4+ 33. Kf4 Qa2 34. Kf3 Qd5+ 35. Ke2 b4 36. Qxf7 b3 37. g4 b2 38. gxh5 Qxe5+ 39. Kd2 Qa5+ 40. Kc2 Qc3+ 0-1

[Event "Toronto op"]
[Site "Toronto"]
[Date "1998.05.16"]
[Round "4"]
[White "Hasanov, Marat"]
[Black "Gurevich, Dmitry"]
[Result "1/2-1/2"]
[WhiteElo "2265"]
[BlackElo "2540"]
[PlyCount "56"]
[EventDate "1998.05.14"]
[EventType "swiss"]
[EventRounds "9"]
[EventCountry "CAN"]
[SourceTitle "CBM 065 Extra"]
[Source "ChessBase"]
[SourceDate "1998.09.09"]
[SourceVersion "1"]
[SourceVersionDate "1998.09.09"]
[SourceQuality "1"]

1. e4 c5 2. Nf3 Nc6 3. c4 e5 4. Nc3 d6 5. d3 g6 6. g3 Bg7 7. Bg2 f5 8. exf5 gxf5 9. 0-0 Nge7 10. a3 0-0 11. Bd2 f4 12. Ne2 Ng6 13. Rb1 Bf5 14. Bc3 Qd7 15. b4 h6 16. Kh1 Rf7 17. Ba1 Raf8 18. Neg1 b6 19. Qe2 Kh8 20. h3 e4 21. dxe4 Be6 22. Ng5 hxg5 23. Qh5+ Kg8 24. Qxg6 Nd4 25. Bxd4 cxd4 26. Rfc1 fxg3 27. fxg3 Rf2 28. Qxg5 Kh7 1/2-1/2

[Event "Toronto op"]
[Site "Toronto"]
[Date "1998.05.16"]
[Round "5"]
[White "Kreiman, Boris"]
[Black "Hasanov, Marat"]
[Result "0-1"]
[WhiteElo "2445"]
[BlackElo "2265"]
[PlyCount "54"]
[EventDate "1998.05.14"]
[EventType "swiss"]
[EventRounds "9"]
[EventCountry "CAN"]
[SourceTitle "CBM 065 Extra"]
[Source "ChessBase"]
[SourceDate "1998.09.09"]
[SourceVersion "1"]
[SourceVersionDate "1998.09.09"]
[SourceQuality "1"]

1. e4 e5 2. Nf3 Nc6 3. d4 exd4 4. Nxd4 Nf6 5. Nxc6 bxc6 6. e5 Qe7 7. Qe2 Nd5 8. c4 Ba6 9. b3 g6 10. Bb2 Nf4 11. Qf3 Ne6 12. Nd2 Bg7 13. 0-0-0 0-0-0 14. Qe3 c5 15. Ne4 Bb7 16. Kb1 Nd4 17. f4 d6 18. Bd3 dxe5 19. fxe5 Qxe5 20. Qh3+ Kb8 21. Rhe1 Rhe8 22. Bc3 Bc8 23. Qh4 f5 24. Nd2 Qf6 25. Qf2 Rxe1 26. Rxe1 Qd6 27. Rd1 Ne6 0-1

[Event "RUS-Cup5"]
[Site "Ekaterinburg"]
[Date "1997.??.??"]
[Round "7"]
[White "Hasanov, Marat"]
[Black "Lisenko, Alexander V"]
[Result "0-1"]
[WhiteElo "2265"]
[BlackElo "2385"]
[PlyCount "167"]
[EventDate "1997.02.13"]
[EventType "swiss"]
[EventRounds "9"]
[EventCountry "RUS"]
[SourceTitle "CBM 057 Extra"]
[Source "ChessBase"]
[SourceDate "1997.05.01"]
[SourceVersion "1"]
[SourceVersionDate "1997.05.01"]
[SourceQuality "1"]

1. d4 Nf6 2. Nf3 e6 3. c4 Bb4+ 4. Bd2 Qe7 5. g3 Nc6 6. Bg2 Bxd2+ 7. Nbxd2 d6 8. 0-0 a5 9. e4 e5 10. d5 Nb8 11. Qc2 0-0 12. Ne1 Bg4 13. f3 Bd7 14. Qc3 c6 15. f4 cxd5 16. exd5 exf4 17. Rxf4 Ng4 18. Nc2 Ne5 19. Re1 Na6 20. Nd4 Nc5 21. b3 Qd8 22. Re3 Qb6 23. h3 Qb4 24. Bf1 Rfe8 25. Nc2 Qxc3 26. Rxc3 Rab8 27. Ne3 Re7 28. Rd4 Rbe8 29. Kf2 f5 30. Be2 g6 31. a3 Nf7 32. h4 Kg7 33. b4 axb4 34. axb4 Na6 35. c5 dxc5 36. bxc5 Nxc5 37. d6 Re5 38. Bf3 b5 39. Rd5 Ne6 40. Rxe5 Nxe5 41. Bg2 b4 42. Rc2 Nd3+ 43. Kg1 Nec5 44. Nec4 Re1+ 45. Bf1 Kf6 46. Nb6 Be6 47. Kh2 b3 48. Rc3 Rc1 49. Rxc1 Nxc1 50. Bb5 b2 51. Nb1 Ba2 52. Na3 b1Q 53. Nxb1 Bxb1 54. d7 Nb7 55. Nd5+ Kf7 56. Nf4 Ba2 57. g4 Nd8 58. Kg3 fxg4 59. Kxg4 Kf6 60. Kg3 Bf7 61. Nh3 Nb3 62. Ng5 Bg8 63. Kf4 Nc5 64. Nf3 h6 65. Ne1 Bd5 66. Nc2 Bc6 67. Bc4 Bxd7 68. Ne3 Nde6+ 69. Kg3 Ne4+ 70. Kh2 Nd4 71. Kg2 Nf5 72. Ng4+ Kg7 73. Ne5 Nxh4+ 74. Kh2 Bf5 75. Bd5 Nf6 76. Bb7 g5 77. Kg3 Ng6 78. Nc4 h5 79. Nd6 h4+ 80. Kh2 Bd3 81. Bc8 Kh6 82. Be6 Nf4 83. Bc8 Kh5 84. Nf7 0-1

[Event "RUS-Cup5"]
[Site "Ekaterinburg"]
[Date "1997.??.??"]
[Round "9"]
[White "Kalichkin, Igor"]
[Black "Hasanov, Marat"]
[Result "0-1"]
[WhiteElo "2425"]
[BlackElo "2265"]
[PlyCount "100"]
[EventDate "1997.02.13"]
[EventType "swiss"]
[EventRounds "9"]
[EventCountry "RUS"]
[SourceTitle "CBM 057 Extra"]
[Source "ChessBase"]
[SourceDate "1997.05.01"]
[SourceVersion "1"]
[SourceVersionDate "1997.05.01"]
[SourceQuality "1"]

1. e4 g6 2. d4 Bg7 3. Nf3 d6 4. h3 Nf6 5. Bd3 0-0 6. 0-0 Nc6 7. c3 e5 8. Re1 h6 9. Nbd2 Nh5 10. dxe5 Nxe5 11. Nxe5 dxe5 12. Nf1 Nf4 13. Bxf4 exf4 14. Nh2 Be6 15. Nf3 c5 16. Qe2 Qb6 17. Qc2 Rfd8 18. e5 Rd7 19. Be4 Rad8 20. b3 Qa5 21. a3 b5 22. a4 bxa4 23. Rxa4 Qb6 24. c4 Rb8 25. Ra3 Rbd8 26. Rea1 Qb8 27. Re1 Re7 28. Ra5 Qc7 29. Rea1 Rdd7 30. Qc3 Qc8 31. Ra6 g5 32. Qa5 Qb8 33. Qxc5 Qxb3 34. Nd4 Qc3 35. Nxe6 fxe6 36. Bg6 Bxe5 37. Qc8+ Kg7 38. Be4 Rc7 39. Qd8 Qxc4 40. R6a4 Qc5 41. Rb1 Rcd7 42. Qa8 Rd2 43. Rf1 Bd4 44. Qb8 Rxf2 45. Rxf2 Bxf2+ 46. Kf1 Bd4 47. Qb1 Rc7 48. Qd1 Qb5+ 49. Bd3 Qb2 50. Bc2 Rxc2 0-1

[Event "RUS-Cup5"]
[Site "Ekaterinburg"]
[Date "1997.??.??"]
[Round "6"]
[White "Motylev, Alexander"]
[Black "Hasanov, Marat"]
[Result "1/2-1/2"]
[WhiteElo "2455"]
[BlackElo "2265"]
[PlyCount "99"]
[EventDate "1997.02.13"]
[EventType "swiss"]
[EventRounds "9"]
[EventCountry "RUS"]
[SourceTitle "CBM 057 Extra"]
[Source "ChessBase"]
[SourceDate "1997.05.01"]
[SourceVersion "1"]
[SourceVersionDate "1997.05.01"]
[SourceQuality "1"]

1. e4 g6 2. d4 Bg7 3. Nc3 c6 4. Nf3 d6 5. h3 b5 6. a3 a6 7. g3 Nd7 8. Bg2 e5 9. 0-0 Qc7 10. a4 b4 11. Na2 Rb8 12. c3 b3 13. Nb4 a5 14. Nd3 Ba6 15. Re1 c5 16. dxe5 dxe5 17. Nf4 exf4 18. Bxf4 Ne5 19. Qd5 Ne7 20. Nxe5 Nxd5 21. exd5 0-0 22. Nc6 Qb6 23. d6 Bb7 24. Nxb8 Bxg2 25. Kxg2 Qxb8 26. Rad1 Bf6 27. d7 Qa8+ 28. Kh2 Kg7 29. Bd6 Rd8 30. Bc7 Rh8 31. Rd6 Qf3 32. Kg1 Bd8 33. Bxd8 Rxd8 34. Re8 Qa8 35. Rxd8 Qxd8 36. Kf1 g5 37. g4 Kf8 38. Rd5 c4 39. Ke2 Ke7 40. Kf3 h6 41. Ke2 Ke6 42. Rd4 Ke5 43. Ke3 f5 44. f3 Kf6 45. Kf2 f4 46. Kg2 Kg7 47. Rd2 h5 48. gxh5 Kh6 49. Rd6+ Kxh5 50. Kf2 1/2-1/2

[Event "RUS-Cup5"]
[Site "Ekaterinburg"]
[Date "1997.??.??"]
[Round "8"]
[White "Obukhov, Alexander"]
[Black "Hasanov, Marat"]
[Result "1-0"]
[WhiteElo "2415"]
[BlackElo "2265"]
[PlyCount "63"]
[EventDate "1997.02.13"]
[EventType "swiss"]
[EventRounds "9"]
[EventCountry "RUS"]
[SourceTitle "CBM 057 Extra"]
[Source "ChessBase"]
[SourceDate "1997.05.01"]
[SourceVersion "1"]
[SourceVersionDate "1997.05.01"]
[SourceQuality "1"]

1. d4 Nf6 2. c4 g6 3. Nc3 Bg7 4. Bg5 d6 5. e3 0-0 6. Nf3 Nbd7 7. Be2 c5 8. 0-0 a6 9. Qc2 b6 10. a3 Bb7 11. b4 cxd4 12. exd4 Rc8 13. Qd2 Bxf3 14. gxf3 Rc7 15. Rfc1 Qa8 16. b5 a5 17. Na4 Qb7 18. Rab1 Rfc8 19. Be3 Ne8 20. f4 Nef6 21. Bf1 Ne4 22. Qa2 e5 23. fxe5 dxe5 24. c5 bxc5 25. dxc5 Nexc5 26. b6 Rc6 27. Nxc5 Nxc5 28. Qd5 Nd7 29. Rxc6 Rxc6 30. Bg2 e4 31. Bxe4 Ne5 32. f4 1-0

[Event "RUS-Cup5"]
[Site "Ekaterinburg"]
[Date "1997.??.??"]
[Round "4"]
[White "Volkov, Sergey"]
[Black "Hasanov, Marat"]
[Result "0-1"]
[WhiteElo "2480"]
[BlackElo "2265"]
[PlyCount "88"]
[EventDate "1997.02.13"]
[EventType "swiss"]
[EventRounds "9"]
[EventCountry "RUS"]
[SourceTitle "CBM 057 Extra"]
[Source "ChessBase"]
[SourceDate "1997.05.01"]
[SourceVersion "1"]
[SourceVersionDate "1997.05.01"]
[SourceQuality "1"]

1. d4 Nf6 2. c4 g6 3. Nc3 Bg7 4. e4 d6 5. Be2 0-0 6. Nf3 e5 7. Be3 exd4 8. Nxd4 Re8 9. f3 c6 10. Bf2 a6 11. 0-0 Nh5 12. Qd2 b5 13. Rad1 b4 14. Na4 Qa5 15. b3 c5 16. g4 cxd4 17. gxh5 Nc6 18. hxg6 hxg6 19. Kh1 Bd7 20. Rg1 Rab8 21. Rg5 Re5 22. Rdg1 Rbe8 23. Bd3 Qc7 24. R5g2 Rh5 25. f4 Bh6 26. Qd1 Rh3 27. Bg3 Kg7 28. c5 dxc5 29. Nxc5 Bxf4 30. Bxf4 Qxf4 31. Nxd7 Reh8 32. Qe2 Qc7 33. Nc5 Ne5 34. Qc2 Qd6 35. Nb7 Qb8 36. Qc5 Ng4 37. Qxd4+ Kg8 38. Qxh8+ Kxh8 39. Rc1 Rxh2+ 40. Kg1 Rxg2+ 41. Kxg2 Qh2+ 42. Kf3 Ne5+ 43. Ke3 Qh6+ 44. Kd4 Nf3+ 0-1

[Event "Bled op-B"]
[Site "Bled"]
[Date "1996.??.??"]
[Round "3"]
[White "Hasanov, Marat"]
[Black "Kovacic, Peter"]
[Result "1/2-1/2"]
[WhiteElo "2270"]
[BlackElo "2140"]
[PlyCount "151"]
[EventDate "1996.03.??"]
[EventType "swiss"]
[EventRounds "9"]
[EventCountry "SLO"]
[SourceTitle "CBM 051 Extra"]
[Source "ChessBase"]
[SourceDate "1996.05.01"]
[SourceVersion "1"]
[SourceVersionDate "1996.05.01"]
[SourceQuality "1"]

1. d4 Nf6 2. c4 e6 3. Nc3 Bb4 4. Nf3 c5 5. d5 d6 6. Bg5 h6 7. Bh4 0-0 8. e3 exd5 9. cxd5 Bg4 10. Be2 Nbd7 11. 0-0 Qa5 12. Nb5 c4 13. a4 a6 14. Na3 Bxa3 15. Rxa3 Rac8 16. Nd4 Bxe2 17. Nxe2 Rfe8 18. Nc3 Rc5 19. Qd4 Nxd5 20. Ne4 Rc6 21. Rd1 N7b6 22. Bg3 Nc8 23. f3 Nb4 24. Qd2 Qb6 25. a5 Qb5 26. Nc3 Qf5 27. e4 Qe6 28. Nd5 Nd3 29. Rc3 b5 30. axb6 Nxb6 31. b3 Nxd5 32. exd5 Qxd5 33. bxc4 Qc5+ 34. Kh1 Ne5 35. Re1 Rec8 36. Bxe5 dxe5 37. Qe3 Qb4 38. Qxe5 Rxc4 39. Rxc4 Qxc4 40. h3 Qc6 41. Ra1 Re8 42. Qa5 Re6 43. Qd8+ Kh7 44. Qd3+ g6 45. Qd2 Qb5 46. Qf4 Qd7 47. Rc1 Rd6 48. Kh2 Rd4 49. Qg3 Qd6 50. Rc7 Qxg3+ 51. Kxg3 Kg7 52. Ra7 Ra4 53. f4 Ra2 54. Kf3 a5 55. g4 a4 56. h4 a3 57. g5 h5 58. Kg3 Ra1 59. Kg2 a2 60. Ra8 f5 61. gxf6+ Kxf6 62. Ra6+ Kf5 63. Ra5+ Ke4 64. Ra4+ Ke3 65. Ra3+ Kd4 66. Ra8 Kc3 67. Rc8+ Kd3 68. Rd8+ Ke3 69. Re8+ Kxf4 70. Ra8 Re1 71. Rxa2 Re4 72. Ra6 Kf5 73. Kg3 Re3+ 74. Kg2 Re4 75. Ra5+ Kf4 76. Ra6 1/2-1/2

[Event "RUS-ch sf"]
[Site "Kazan"]
[Date "1995.??.??"]
[Round "2"]
[White "Alavkin, Arseny Nailievich"]
[Black "Hasanov, Marat"]
[Result "1-0"]
[WhiteElo "2265"]
[BlackElo "2295"]
[PlyCount "117"]
[EventDate "1995.??.??"]
[EventType "swiss"]
[EventRounds "9"]
[EventCountry "RUS"]
[SourceTitle "CBM 049 Extra"]
[Source "ChessBase"]
[SourceDate "1996.01.01"]
[SourceVersion "1"]
[SourceVersionDate "1996.01.01"]
[SourceQuality "1"]

1. e4 c5 2. c3 d5 3. exd5 Qxd5 4. d4 Nf6 5. Be3 Ng4 6. Nf3 Nxe3 7. fxe3 Bg4 8. Nbd2 Nc6 9. e4 Qh5 10. Qb3 0-0-0 11. Bb5 cxd4 12. cxd4 e5 13. Rc1 exd4 14. Bxc6 bxc6 15. Rxc6+ Kd7 16. Qa4 Ke7 17. Rc7+ Rd7 18. Qxa7 Qb5 19. Nxd4 Rxc7 20. Qxc7+ Qd7 21. Qc3 Ke8 22. 0-0 Bd6 23. Nf5 f6 24. Nxd6+ Qxd6 25. Kh1 Ke7 26. Nc4 Qc5 27. b4 Qc6 28. e5 Rc8 29. exf6+ gxf6 30. Qe3+ Be6 31. Na5 Qd5 32. a4 Rc2 33. Qg3 Kf7 34. Rg1 Bd7 35. Qh4 Rxg2 36. Qc4 Rxg1+ 37. Kxg1 Qxc4 38. Nxc4 Bxa4 39. b5 Ke6 40. b6 Bc6 41. Na5 Bd5 42. b7 Bxb7 43. Nxb7 Kd5 44. Kf2 Kc6 45. Nd8+ Kd7 46. Nf7 Ke7 47. Nh6 Kf8 48. Kf3 Kg7 49. Nf5+ Kg6 50. Kf4 Kf7 51. Nd4 Kg6 52. h4 Kh6 53. Kf5 Kh5 54. Nf3 h6 55. Kxf6 Kg4 56. Kg6 h5 57. Kh6 Kxf3 58. Kxh5 Kf4 59. Kg6 1-0

[Event "Djakovo op"]
[Site "Djakovo"]
[Date "1994.??.??"]
[Round "5"]
[White "Hasanov, Marat"]
[Black "Rogic, Davor"]
[Result "0-1"]
[WhiteElo "2315"]
[BlackElo "2390"]
[PlyCount "120"]
[EventDate "1994.11.??"]
[EventType "swiss"]
[EventRounds "9"]
[EventCountry "CRO"]
[SourceTitle "EXT 1997"]
[Source "ChessBase"]
[SourceDate "1996.11.15"]
[SourceVersion "1"]
[SourceVersionDate "1996.11.15"]
[SourceQuality "1"]

1. d4 Nf6 2. c4 g6 3. Nc3 Bg7 4. e4 d6 5. Bd3 0-0 6. Nge2 c5 7. d5 e6 8. 0-0 exd5 9. cxd5 Re8 10. Ng3 Ng4 11. h3 Ne5 12. Bb5 Bd7 13. Bxd7 Nexd7 14. f4 Na6 15. Kh1 Rb8 16. Qf3 Nb4 17. Bd2 Nc2 18. Rad1 Nd4 19. Qf2 h5 20. e5 h4 21. Nge4 Nf5 22. Nxd6 Nxd6 23. exd6 f5 24. Rfe1 Qf6 25. Rxe8+ Rxe8 26. Be1 Qxd6 27. Qxh4 Nf6 28. Nb5 Qd7 29. Bc3 Kf7 30. Na3 Qa4 31. Rc1 Nxd5 32. Bxg7 Kxg7 33. Nc4 Nf6 34. b3 Qxa2 35. Ne5 Ne4 36. Re1 Qf2 37. Qxf2 Nxf2+ 38. Kh2 Ne4 39. g4 Rd8 40. gxf5 gxf5 41. Rg1+ Kf8 42. h4 Rd2+ 43. Kh3 Nf2+ 44. Kg3 Ng4 45. h5 Rb2 46. Nxg4 Rxb3+ 47. Kh4 fxg4 48. Rxg4 Rb6 49. Kg5 c4 50. Rg1 c3 51. Rc1 Rc6 52. f5 c2 53. h6 Kf7 54. Kf4 b5 55. Ke3 b4 56. Kd2 b3 57. h7 Kg7 58. Rh1 c1Q+ 59. Rxc1 Rxc1 60. Kxc1 a5 0-1

[Event "Djakovo op"]
[Site "Djakovo"]
[Date "1994.??.??"]
[Round "3"]
[White "Hasanov, Marat"]
[Black "Stevic, Hrvoje"]
[Result "1/2-1/2"]
[WhiteElo "2315"]
[BlackElo "2200"]
[PlyCount "63"]
[EventDate "1994.11.??"]
[EventType "swiss"]
[EventRounds "9"]
[EventCountry "CRO"]
[SourceTitle "EXT 1997"]
[Source "ChessBase"]
[SourceDate "1996.11.15"]
[SourceVersion "1"]
[SourceVersionDate "1996.11.15"]
[SourceQuality "1"]

1. d4 Nf6 2. c4 g6 3. Nc3 Bg7 4. e4 d6 5. Bd3 0-0 6. Nge2 e5 7. 0-0 exd4 8. Nxd4 c6 9. h3 Re8 10. Be3 Nbd7 11. Nde2 Nc5 12. Ng3 Nxd3 13. Qxd3 Be6 14. Rad1 Qa5 15. Bd4 Rad8 16. Qf3 Qg5 17. b3 b5 18. cxb5 cxb5 19. Be3 Qe5 20. Bf4 Qc5 21. Rc1 b4 22. Nd5 Qa5 23. Nxf6+ Bxf6 24. Bxd6 Rxd6 25. Qxf6 Ra6 26. Qf4 Qxa2 27. Nh5 gxh5 28. Qg5+ Kf8 29. Qh6+ Kg8 30. Qg5+ Kf8 31. Qh6+ Kg8 32. Qg5+ 1/2-1/2

[Event "Minsk op"]
[Site "Minsk"]
[Date "1994.??.??"]
[Round "6"]
[White "Hasanov, Marat"]
[Black "Tunik, Gennady"]
[Result "0-1"]
[WhiteElo "2315"]
[BlackElo "2430"]
[PlyCount "78"]
[EventDate "1994.??.??"]
[EventType "swiss"]
[EventRounds "9"]
[EventCountry "BLR"]
[SourceTitle "EXT 1997"]
[Source "ChessBase"]
[SourceDate "1996.11.15"]
[SourceVersion "1"]
[SourceVersionDate "1996.11.15"]
[SourceQuality "1"]

1. d4 d6 2. Nc3 g6 3. Bg5 Bg7 4. e3 Nd7 5. Qf3 Ngf6 6. Bd3 c6 7. Nge2 h6 8. Bxf6 Nxf6 9. h3 e5 10. 0-0-0 Qe7 11. g4 d5 12. dxe5 Nd7 13. Qg3 Nxe5 14. f4 Nxd3+ 15. Rxd3 h5 16. e4 dxe4 17. Nxe4 hxg4 18. Ng5 Kf8 19. Re1 Bf5 20. Nd4 Qf6 21. Nxf5 Qxb2+ 22. Kd1 gxf5 23. hxg4 fxg4 24. f5 Bf6 25. Qd6+ Kg7 26. Ne6+ fxe6 27. Qc7+ Kg8 28. fxe6 Qb1+ 29. Ke2 Qxc2+ 30. Rd2 Qc4+ 31. Kd1 Rh7 32. e7 Qa4+ 33. Kc1 Rxe7 34. Rxe7 Qa3+ 35. Kd1 Qxe7 36. Qf4 Qe6 37. Qh6 Re8 38. Rh2 Qe1+ 39. Kc2 Qc3+ 0-1

[Event "Alushta op"]
[Site "Alushta"]
[Date "1993.??.??"]
[Round "?"]
[White "Hasanov, Marat"]
[Black "Podgaets, Mikhail"]
[Result "1/2-1/2"]
[WhiteElo "2335"]
[BlackElo "2450"]
[PlyCount "67"]
[EventDate "1993.05.??"]
[EventType "swiss"]
[EventRounds "9"]
[EventCountry "UKR"]
[SourceTitle "TD"]
[Source "ChessBase"]
[SourceDate "1994.03.01"]
[SourceVersion "1"]
[SourceVersionDate "1994.03.01"]
[SourceQuality "1"]

1. d4 Nf6 2. c4 e6 3. Nc3 Bb4 4. Bg5 c5 5. d5 Bxc3+ 6. bxc3 h6 7. Bh4 d6 8. Nf3 Qe7 9. e3 e5 10. Qc2 Nbd7 11. Nd2 e4 12. Be2 0-0 13. 0-0 g5 14. Bg3 Ne5 15. Rae1 Ng6 16. f3 exf3 17. Rxf3 Ng4 18. Ne4 N6e5 19. Bxe5 Qxe5 20. Ng3 f5 21. Bd3 f4 22. h3 Bd7 23. Nf1 Nxe3 24. Nxe3 fxe3 25. Rfxe3 Qg7 26. Bg6 Rad8 27. Re7 Qf6 28. Bh7+ Kh8 29. Qg6 a6 30. Qxf6+ Rxf6 31. Bd3 b5 32. cxb5 axb5 33. g4 Kg8 34. Bh7+ 1/2-1/2

[Event "Katowice Fibak op"]
[Site "Katowice"]
[Date "1993.??.??"]
[Round "2"]
[White "Stripunsky, Alexander"]
[Black "Hasanov, Marat"]
[Result "1/2-1/2"]
[WhiteElo "2470"]
[BlackElo "2335"]
[PlyCount "97"]
[EventDate "1993.01.??"]
[EventType "swiss"]
[EventRounds "9"]
[EventCountry "POL"]
[SourceTitle "EXT 1998"]
[Source "ChessBase"]
[SourceDate "1997.11.17"]
[SourceVersion "1"]
[SourceVersionDate "1997.11.17"]
[SourceQuality "1"]

1. e4 e6 2. d4 d5 3. Nc3 Bb4 4. e5 Ne7 5. a3 Bxc3+ 6. bxc3 c5 7. Qg4 Nf5 8. Bd3 h5 9. Qd1 Nc6 10. Nf3 c4 11. Bxf5 exf5 12. a4 Be6 13. Bg5 Qa5 14. Qd2 b5 15. 0-0 b4 16. cxb4 Qxb4 17. c3 Qa5 18. Rfb1 Qc7 19. Qc1 a6 20. Qa3 Rb8 21. Rxb8+ Qxb8 22. Nd2 Kd7 23. Qc5 Qf8 24. Qb6 Qa8 25. Rd1 Qa7 26. Qb2 Rc8 27. Qa3 Ke8 28. h3 Na5 29. Rb1 Nc6 30. Qc1 Rb8 31. Ra1 Na5 32. Qd1 g6 33. Nf3 Rb2 34. Qc1 Rb8 35. Qe3 Kd7 36. Bf6 Kc6 37. Qg5 Qd7 38. Be7 Kb7 39. Bd6 Rc8 40. Qe3 Nb3 41. Ra2 Ka7 42. Ng5 Ka8 43. a5 Qb5 44. Bb4 Rb8 45. Nf3 Qd7 46. h4 Qd8 47. g3 Rb5 48. Ng5 Kb7 49. Kg2 1/2-1/2